00998nab a22002177a 4500999001500000003000400015005001700019008004100036040000700077100002900084245012700113260007300240300001300313500004400326505011400370505009000484650001700574650003000591773014600621942001300767 c5438d5438OSt20250909102645.0190604e xxu||||| |||| 00| 0 spa d cPJ 96078aGasipi, Pablo Luis13aEl DNU 1037/2024 modificó la ley 24.633 y redujo el sistema de vigilancia sobre bienes culturales / cPablo Luis Gasipi. aCiudad Autónoma de Buenos Aires :bThomson Reuters La Ley, c2025. ap. 60-68 aCita Online: TR LALEY AR/DOC/486/2025.  aSumario: I. Introducción.— II. Contexto de la ley 24.633.— III. El DNU 1037/2024.— IV. Conclusión.  t¿Te interesa el texto completo? Solicitalo al correo: koha@justierradelfuego.gov.ar  09855aCULTURA 096079aPATRIMONIO CULTURAL0 0271493171dCiudad Autónoma de Buenos Aires : Thomson Reuters La Ley, 2014-tRevista anales de legislación argentina. Nº 4 - Abril 2025. 2udccANA